000
00314 a2200157 4500
001
65342
020
_a
9788544616093
040
_c
Anchieta - Pituba
100
_a
Vilela, Andréa de Paula Xavier
240
1
0
_a
Arte
_l
por
245
1
0
_a
Arte
300
_a
205
362
0
_a
2017
650
4
_a
Artes
942
_c
BK
999
_c
65342
_d
65342